00688nam a2200169Ia 4500003000900000008004100009020001800050040001600068080002300084111008800107245020800195260003800403300001600441650001900457650002000476700002200496IN-BaIIA211028s9999 xx 000 0 eng d a0-07-451705-8 cIIA Library a535.33(082.1)bOPT aInternational Symposium on Opto-Electronic ImagingcNew Delhi, Indiad1985 Dec. 2-5 0aOpto-Electronic imagingbproceeding of the international symposium on opto-electronic imaging, held in New Delhi, India, December 2-5, 1985cedited by D. P. Juyal  aNew DelhibTata McGraw-Hillc1987 axiii, 564p. aNASA Thesaurus aOptoelectronics aJuyal, D. P., ed.